Palliative care : (Record no. 116025)

MARC details
000 -LEADER
fixed length control field 00793nam a2200253 a 4500
008 - FIXED-LENGTH DATA ELEMENTS--GENERAL INFORMATION
fixed length control field
020 ## - INTERNATIONAL STANDARD BOOK NUMBER
International Standard Book Number 978141602597 (pbk.)
049 ## - LOCAL HOLDINGS (OCLC)
Holding library MAIN
090 ## - LOCALLY ASSIGNED LC-TYPE CALL NUMBER (OCLC); LOCAL CALL NUMBER (RLIN)
Classification number (OCLC) (R) ; Classification number, CALL (RLIN) (NR) R726.8
Local cutter number (OCLC) ; Book number/undivided call number, CALL (RLIN) EMA
003 - CONTROL NUMBER IDENTIFIER
control field
005 - DATE AND TIME OF LATEST TRANSACTION
control field 20230120204034.0
040 ## - CATALOGING SOURCE
Transcribing agency NUST
100 1# - MAIN ENTRY--PERSONAL NAME
Personal name Emanuel, Linda L.
245 10 - TITLE STATEMENT
Title Palliative care :
Remainder of title core skills and clinical competences /
Statement of responsibility, etc. Linda L Emanuel [and] S Lawrence Librach.
260 ## - PUBLICATION, DISTRIBUTION, ETC.
Place of publication, distribution, etc. Philadephia :
Name of publisher, distributor, etc. Saunders Elsevier,
Date of publication, distribution, etc. c 2007.
300 ## - PHYSICAL DESCRIPTION
Extent xxx, 705 p. :
Other physical details ill. ;
Dimensions 23 cm.
500 ## - GENERAL NOTE
General note Includes index.
504 ## - BIBLIOGRAPHY, ETC. NOTE
Bibliography, etc. note Include bibliographical reference.
650 ## - SUBJECT ADDED ENTRY--TOPICAL TERM
Topical term or geographic name entry element Clinical competence.
650 #1 - SUBJECT ADDED ENTRY--TOPICAL TERM
Topical term or geographic name entry element Palliative treatment.
700 ## - ADDED ENTRY--PERSONAL NAME
Personal name Librach, Lawrence S
907 ## - LOCAL DATA ELEMENT G, LDG (RLIN)
a .b10287395
b 12-01-11
c 17-11-10
942 ## - ADDED ENTRY ELEMENTS (KOHA)
Koha item type Ordinary Loan Books
Call number prefix R726.8
Call number suffix EMA
Holdings
Date last seen Total Checkouts Full call number Barcode Cost, replacement price Price effective from Koha item type Lost status Source of classification or shelving scheme Damaged status Not for loan Collection Withdrawn status Home library Current library Shelving location Date acquired Cost, normal purchase price
01/20/2023   R726.8 EMA 92004014228 80.00 01/20/2023 BOOKS   LCC     NFIC   Medical Medical GEN 01/20/2023 80.00